Instrucciones a los sirvientes /

Gardado en:
Detalles Bibliográficos
Autor Principal: Swift, Jonathan (autor)
Outros autores: Attrache, Ismael (traducción) (traducción)
Formato: Libro
Idioma:Lingua castelá
Publicado: Madrid, España : Sexto Piso, 2007, c2007
Series:(Clásicos Sexto Piso) [s.n.]
Temas:
Etiquetas: Engadir etiqueta
Sen Etiquetas, Sexa o primeiro en etiquetar este rexistro!

MARC

LEADER 00000nam^a2200000^a^4500
001 000562054
005 20250521000000.0
009 20260310131936.991
020 |a 978-84-96867-09-3 
037 |a Acervo ITESO - Biblioteca 
041 |a ESP 
082 |a 824.  |b SWI 
100 |a Swift, Jonathan  |e (autor) 
245 1 0 |a Instrucciones a los sirvientes /  |c J. Swift ; tr. por I. Attrache. 
264 4 |a Madrid, España :  |b Sexto Piso,  |c 2007, c2007 
300 |a 111 p. 
336 |a texto  |b txt  |2 rdacontenido 
337 |a sin mediación  |b n  |2 rdamedio 
338 |a volumen  |b nc  |2 rdasoporte 
440 1 |a (Clásicos Sexto Piso) [s.n.] 
500 |a Traducción de: Directions to Servants 
545 0 |a Jonathan Swift, considerado el más importante escritor de lengua inglesa de su tiempo, nació en Dublín en 1667 y cursó sus estudios en la capital irlandesa, pero residió una buena parte de su vida en Londres, donde tomó parte activa en la vida política, religiosa y literaria de la época. Con objeto de conseguir la independencia económica, Swift tomó las órdenes religiosas, aunque no accedió a los máximos grados de la carrera eclesiástica debido a Historia de una barrica, parodia de las diversas iglesias cristianas que fue publicada en 1704 junto con La batalla entre los libros antiguos y modernos y la sátira Un discurso concerniente a la operación mecánica del espíritu. Descripción de la mañana y Descripción de un aguacero en la ciudad (1710), Argumentación contra la abolición del cristianismo (1708), La conducta de los aliados (1711), Las cartas del pañero (1724) y la Modesta proposición (1729) destacan entre sus escritos de polémica social y política. También poseen interés los versos de Sobre la muerte del doctor Swift (1731) y El vestidor de la señora (1732) y el póstumo Diario para Stella (1766-1768), conjunto de cartas escritas a su mujer. Swift publicó en 1726 su obra maestra, la novela Los viajes de Gulliver, en la que un médico es obligado gradualmente a mirar en su verdadera dimensión al género humano. Considerada por los críticos como una muy amarga condena de la humanidad, la novela se ha convertido -con los cortes oportunos- en un clásico de la literatura infantil. Tras la muerte de su esposa en 1728, Swift se sumió en una misantropía rayana en la locura y falleció en 1745, no sin antes destinar una parte de su patrimonio a la fundación de un manicomio. 
649 |a XX 
650 |a Sátira Irlandesa 
650 |a Sátira Inglesa 
650 |a Ensayos Irlandeses 
650 |a Ensayos Ingleses 
650 |a Literatura Irlandesa -  |y Siglo XVIII 
650 |a Literatura Inglesa -  |y Siglo XVIII 
650 |a Literatura e Historia -  |z Inglaterra 
650 |a Inglaterra en la Literatura 
650 |a Inglaterra -  |x Historia -  |y Siglo XVIII 
700 |a Attrache, Ismael  |e (traducción) 
910 |a Fondo Castillo-Martínez 
920 |a Impresos - Libros 
930 |a Fondos Especiales 
940 |a Literatura 
905 |a 127 
901 |a 0500348874  |b IT2  |c ESP  |i D124875  |u 20250521 
902 |a https://opac.biblio.iteso.mx/vufind/Record/000562054